The Lucky One (TV) - Taylor Swift (All Lyrics) - Statistics

General Stats
  • This quiz has been taken 124 times
  • The average score is 308 of 338
Answer Stats
Lyrics % Correct
lucky
100%
lucky,
100%
on
100%
one
100%
one?
100%
the
100%
they
100%
They
100%
You
100%
you
100%
your
100%
you're
100%
a
99%
tell
99%
I
97%
me
97%
now,
97%
now
97%
Oh,
97%
oh,
97%
oh
97%
and
96%
And
96%
But
96%
but
96%
it
96%
It
96%
to
96%
In
94%
in
94%
can
93%
Can
93%
name
93%
pretty,
93%
So
93%
so
93%
up
93%
don't
91%
feel
91%
is
91%
just
91%
lights
91%
out
91%
they'll
91%
used
91%
Yeah,
91%
look
90%
made
90%
make
90%
that
90%
were
90%
alive
89%
'Cause
89%
like
89%
Like
89%
my
89%
town
89%
confused
87%
with
87%
city,
86%
Everybody
86%
everybody
86%
if
86%
it's
86%
New
86%
of
86%
think
86%
you'll
86%
cool
84%
figured
84%
goes
84%
had
84%
school
84%
fame
83%
front
83%
got
83%
how
83%
How
83%
know
83%
loves
83%
some
83%
wonder
83%
camera
81%
over
81%
page
81%
time,
81%
took
81%
was
81%
diamonds
80%
dream
80%
fortune
80%
queen
80%
sky
80%
big
79%
even
79%
Let
79%
right
79%
doesn't
77%
flashes
77%
hell
77%
money
77%
news
77%
since
77%
all
76%
Another
76%
dignity
76%
few
76%
say
76%
understand
76%
years
76%
angel's
74%
cars
74%
disappeared
74%
here
74%
later,
74%
Square
74%
end
73%
Madison
73%
'60s
71%
chasin'
71%
lover
71%
place
71%
rose
71%
secrets
71%
take
71%
garden
70%
land
70%
legend
70%
line
70%
splashed
70%
still
70%
black
69%
overnight,
69%
showed
69%
bought
67%
somewhere
67%
young
67%
Chose
66%
views
66%
foyer
64%
things
64%
bunch
60%
woah,
60%
Riviera
56%
No matching quizzes found
Score Distribution
Percent of People with Each Score
Percentile by Number Answered
Your Score History
You have not taken this quiz